[Event "SR 4. liga A21 2015/2016"]
[Site "?"]
[Date "2015.11.22"]
[Round "4.2"]
[White "Horak, Ivan"]
[Black "Danada, Ondrej"]
[Result "1-0"]
[WhiteElo "2041"]
[BlackElo "1923"]
[PlyCount "105"]
[EventDate "2015.??.??"]

1. e4 c6 2. d4 d5 3. Nd2 dxe4 4. Nxe4 Bf5 5. Ng3 Bg6 6. h4 h6 7. h5 Bh7 8. Nf3
Nd7 9. Bd3 Bxd3 10. Qxd3 Qc7 11. Bd2 Ngf6 12. O-O-O e6 13. Ne4 Nxe4 14. Qxe4
Nf6 15. Qe2 Bd6 16. g3 O-O-O 17. c4 c5 18. Bc3 cxd4 19. Nxd4 a6 20. a3 Kb8 21.
Kc2 Rc8 22. Kb3 Nd7 23. Nf3 f6 24. Ka2 e5 25. Qd3 Bc5 26. Qxd7 Bxf2 27. Qxc7+
Rxc7 28. b3 Bxg3 29. Ba5 Rf7 30. Rh3 Bf4 31. Nh4 Re8 32. Ng6 Bg5 33. Rhd3 e4
34. Rd8+ Rxd8 35. Rxd8+ Ka7 36. c5 b5 37. c6 f5 38. Rd7+ Rxd7 39. cxd7 Kb7 40.
d8=Q Bxd8 41. Bxd8 Kc8 42. Bb6 Kd7 43. Bd4 Ke6 44. Bxg7 f4 45. Nxf4+ Kf5 46.
Bxh6 e3 47. Nd5 e2 48. Bd2 a5 49. Bxa5 Kg5 50. Bd2+ Kxh5 51. Nf4+ Kg5 52. Nxe2+
Kf6 53. Nd4 1-0

[Event "SR 4. liga A21 2015/2016"]
[Site "?"]
[Date "2015.11.22"]
[Round "4.2"]
[White "Ulehla, Jakub"]
[Black "Chabada, Tomas"]
[Result "0-1"]
[WhiteElo "1665"]
[BlackElo "1932"]
[PlyCount "120"]
[EventDate "2015.??.??"]

1. e4 e5 2. Nf3 Nc6 3. Bb5 a6 4. Ba4 Nf6 5. O-O b5 6. Bb3 Be7 7. Re1 d6 8. c3
O-O 9. h3 Re8 10. d4 Bb7 11. Bc2 h6 12. Nbd2 Bf8 13. Nf1 exd4 14. cxd4 Nb4 15.
Ng3 Nxc2 16. Qxc2 c5 17. dxc5 dxc5 18. Bf4 Qb6 19. Rad1 Rad8 20. Rxd8 Rxd8 21.
Qc3 c4 22. Be3 Bc5 23. Bxc5 Qxc5 24. a3 Rd3 25. Qc1 Qc7 26. Re3 Qd8 27. Kh2
Rxe3 28. Qxe3 Qd3 29. Qxd3 cxd3 30. Nd2 Kf8 31. Kg1 Nd7 32. f4 Nb6 33. b3 a5
34. Kf2 a4 35. Ke3 axb3 36. Nxb3 Nc4+ 37. Kxd3 Nxa3 38. Kc3 Bc6 39. Nd4 Be8 40.
Kb4 Nc4 41. Nxb5 Bxb5 42. Kxb5 Ne3 43. e5 Nxg2 44. f5 Nf4 45. Kc6 Ke7 46. h4 g6
47. Kc5 h5 48. Kd4 Ng2 49. f6+ Ke8 50. Ne4 Nxh4 51. Nd6+ Kf8 52. Ke4 g5 53. Kd5
g4 54. Ne4 Ng6 55. e6 fxe6+ 56. Kxe6 h4 57. Kf5 g3 58. Nd2 h3 59. Nf3 h2 60.
Kxg6 h1=Q 0-1

[Event "SR 4. liga A21 2015/2016"]
[Site "?"]
[Date "2015.11.22"]
[Round "4.2"]
[White "Husek, Lubomir"]
[Black "Buran, Andrej ml"]
[Result "1/2-1/2"]
[WhiteElo "1902"]
[BlackElo "1582"]
[PlyCount "92"]
[EventDate "2015.??.??"]

1. e4 e5 2. Nf3 Nc6 3. Bb5 a6 4. Ba4 Bc5 5. c3 Nf6 6. d3 h6 7. O-O O-O 8. h3 d6
9. Re1 Re8 10. Nbd2 b5 11. Bc2 Ba7 12. Nf1 b4 13. Be3 a5 14. Bxa7 Nxa7 15. Ng3
c5 16. d4 Bd7 17. d5 Qc7 18. c4 Nc8 19. b3 Nb6 20. Nd2 a4 21. Qf3 Ra5 22. Nf5
Kh7 23. g4 Rea8 24. Kh2 axb3 25. Bxb3 Ba4 26. Rab1 Bxb3 27. axb3 Ra2 28. Qd3
R8a3 29. Ne3 Qa7 30. Nc2 Ra6 31. Rg1 g5 32. Nf3 Kg6 33. h4 Nh7 34. hxg5 hxg5
35. Kg3 Nc8 36. Rh1 f6 37. Rh2 Qg7 38. Rbh1 Nf8 39. Ne3 Ne7 40. Qf1 Kf7 41. Qh3
Ra1 42. Nf5 Nxf5+ 43. gxf5 Rxh1 44. Rxh1 Kg8 45. Qg4 Ra3 46. Rb1 Qh7 1/2-1/2

[Event "SR 4. liga A21 2015/2016"]
[Site "?"]
[Date "2015.11.22"]
[Round "4.2"]
[White "Drozd, Jan"]
[Black "Kovarik, Oto"]
[Result "0-1"]
[WhiteElo "1538"]
[BlackElo "1828"]
[PlyCount "42"]
[EventDate "2015.??.??"]

1. e4 c5 2. Nc3 e6 3. g3 d5 4. exd5 exd5 5. d4 Nf6 6. Bg2 Be6 7. Nf3 h6 8. O-O
Nc6 9. Re1 Be7 10. dxc5 Bxc5 11. Na4 Be7 12. Nd4 Nxd4 13. Qxd4 O-O 14. Nc3 Re8
15. Bf4 Bd6 16. Bxd6 Qxd6 17. Rad1 a6 18. Nxd5 Nxd5 19. Bxd5 Bxd5 20. Rxe8+
Rxe8 21. Qxd5 Re1+ 0-1

[Event "SR 4. liga A21 2015/2016"]
[Site "?"]
[Date "2015.11.22"]
[Round "4.3"]
[White "Palka, Miroslav"]
[Black "Pericka, Tomas"]
[Result "1/2-1/2"]
[WhiteElo "1910"]
[BlackElo "2008"]
[PlyCount "41"]
[EventDate "2015.??.??"]

1. c4 c5 2. g3 Nc6 3. Bg2 g6 4. Nc3 Bg7 5. e3 d6 6. Nge2 Nf6 7. O-O h5 8. d4
cxd4 9. exd4 h4 10. Bf4 hxg3 11. Bxg3 Bg4 12. Qa4 Qd7 13. d5 Ne5 14. Qxd7+ Kxd7
15. b3 Nh5 16. f3 Nxg3 17. hxg3 Bf5 18. Rad1 Bh6 19. f4 Ng4 20. Rf3 Nf6 21.
Rff1 1/2-1/2

[Event "SR 4. liga A21 2015/2016"]
[Site "?"]
[Date "2015.11.22"]
[Round "4.3"]
[White "Sadlon, Juraj"]
[Black "Zisek, Jaroslav"]
[Result "1-0"]
[WhiteElo "1830"]
[BlackElo "1821"]
[PlyCount "57"]
[EventDate "2015.??.??"]

1. e4 c5 2. Nf3 d6 3. c3 Nf6 4. Bb5+ Bd7 5. Bxd7+ Qxd7 6. d3 Nc6 7. O-O e6 8.
Nbd2 Be7 9. Re1 O-O 10. Nf1 Ne8 11. d4 cxd4 12. cxd4 d5 13. e5 Kh8 14. Bg5 f6
15. exf6 gxf6 16. Bf4 Bd6 17. Bg3 Ng7 18. Bxd6 Qxd6 19. Ng3 Rac8 20. Rc1 Rc7
21. Qd2 Rfc8 22. Qh6 Qe7 23. Nh4 Qf7 24. Qf4 Nd8 25. Nf3 Rxc1 26. Rxc1 Rxc1+
27. Qxc1 Qd7 28. Qc5 b6 29. Qf8# 1-0

[Event "SR 4. liga A21 2015/2016"]
[Site "?"]
[Date "2015.11.22"]
[Round "4.3"]
[White "Fidericky, Milan"]
[Black "Hanzluvka, Peter"]
[Result "1-0"]
[WhiteElo "1731"]
[BlackElo "1932"]
[PlyCount "83"]
[EventDate "2015.??.??"]

1. d4 Nf6 2. c4 d6 3. Nc3 g6 4. Nf3 Bg7 5. e4 O-O 6. Qc2 Nc6 7. h3 e5 8. dxe5
dxe5 9. Bg5 Qd6 10. Rd1 Qc5 11. Bxf6 Bxf6 12. Nd5 Bg7 13. a3 Qa5+ 14. Qd2 Qa4
15. Nxc7 Rb8 16. Be2 b6 17. O-O Bb7 18. Nd5 Rfe8 19. Qc1 Rbc8 20. Rd2 Na5 21.
Nc3 Qc6 22. Qd1 Nxc4 23. Bxc4 Qxc4 24. Re1 Bf8 25. Nd5 Kg7 26. Rd3 Qc2 27. Rd2
Qc5 28. Re3 Qc4 29. Nc3 Kg8 30. Rd7 Rc7 31. Rd8 Ree7 32. Qd6 Qc5 33. Qf6 Re6
34. Qh4 h6 35. Qxh6 f6 36. Qxg6+ Rg7 37. Qf5 Bc8 38. Nd5 Rc6 39. Rxc8 Qc1+ 40.
Re1 Rxc8 41. Nxf6+ Kf7 42. Nxe5+ 1-0

[Event "SR 4. liga A21 2015/2016"]
[Site "?"]
[Date "2015.11.22"]
[Round "4.3"]
[White "Brath, Zdeno"]
[Black "Lauko, Tomas"]
[Result "0-1"]
[WhiteElo "1480"]
[BlackElo "1674"]
[PlyCount "115"]
[EventDate "2015.??.??"]

1. e4 c5 2. Bc4 Nc6 3. Nf3 e6 4. d3 Na5 5. Nbd2 Nxc4 6. Nxc4 b5 7. Ne3 Bb7 8.
Qe2 Nf6 9. e5 Nd5 10. Nxd5 Bxd5 11. O-O d6 12. Ng5 h6 13. Nh3 dxe5 14. Qxe5 Qd6
15. Qe2 Qc6 16. f3 c4 17. d4 g5 18. f4 c3 19. Rf2 Bg7 20. Be3 cxb2 21. Rb1 Qc3
22. fxg5 a6 23. Qd3 b4 24. Bd2 Qxd3 25. cxd3 Bxd4 26. Bxb4 Rc8 27. Ba3 Bxa2 28.
Bxb2 Bxf2+ 29. Kxf2 Bxb1 30. Bxh8 hxg5 31. d4 Ke7 32. Be5 f6 33. Bg3 a5 34. Ke2
a4 35. Be1 a3 36. Bb4+ Kd7 37. Bxa3 Rc2+ 38. Kf1 Ra2 39. Bc5 Be4 40. Nf2 Bb7
41. g3 f5 42. h4 Bf3 43. Ke1 Ra1+ 44. Kd2 Rg1 45. Nd3 Rxg3 46. Ne5+ Ke8 47.
Nxf3 Rxf3 48. hxg5 Rg3 49. Ke2 Kf7 50. Bd6 Rxg5 51. Be5 Rg4 52. Kf3 Ke7 53. Bf4
Kd7 54. Be5 Kc6 55. Bf4 Kd5 56. Ke3 Rh4 57. Be5 Re4+ 58. Kd3 0-1

[Event "SR 4. liga A21 2015/2016"]
[Site "?"]
[Date "2015.11.22"]
[Round "4.3"]
[White "Dest, Stanislav"]
[Black "Svarc, Vaclav"]
[Result "1-0"]
[WhiteElo "1402"]
[BlackElo "1113"]
[PlyCount "61"]
[EventDate "2015.??.??"]

1. d4 d5 2. c4 c6 3. e3 Nf6 4. Nc3 e6 5. Nf3 Be7 6. Bd3 b6 7. O-O c5 8. b3 Nc6
9. dxc5 bxc5 10. Bb2 O-O 11. Qe2 Bd6 12. Rfd1 Bb7 13. Nb5 Bb8 14. Rac1 Qe7 15.
Nc3 Qd6 16. g3 a6 17. Na4 Ba7 18. Bxf6 gxf6 19. Nh4 Ne5 20. Bb1 f5 21. cxd5
Bxd5 22. Nc3 Rad8 23. Nxd5 exd5 24. Nxf5 Qf6 25. Qh5 Qh8 26. Ne7+ Kg7 27. Qxe5+
f6 28. Qh5 Rfe8 29. Nf5+ Kg8 30. Rxd5 Rc8 31. Rd7 1-0

[Event "SR 4. liga A21 2015/2016"]
[Site "?"]
[Date "2015.11.22"]
[Round "4.4"]
[White "Bjel, Jan"]
[Black "Miciak, Emanuel"]
[Result "1/2-1/2"]
[WhiteElo "1835"]
[BlackElo "1854"]
[PlyCount "49"]
[EventDate "2015.??.??"]

1. e4 c5 2. d4 cxd4 3. Qxd4 Nc6 4. Qa4 Nf6 5. Nc3 e6 6. Bb5 Be7 7. Nf3 O-O 8.
O-O Qc7 9. Bg5 h6 10. Bh4 Rd8 11. Rad1 a6 12. Bg3 Qb6 13. Bxc6 dxc6 14. Rxd8+
Bxd8 15. Qb3 Qxb3 16. axb3 Nh5 17. Be5 f6 18. Bd4 e5 19. Be3 Be6 20. Rd1 Be7
21. h3 Rd8 22. Rxd8+ Bxd8 23. Ne2 g5 24. g4 Ng7 25. c4 1/2-1/2

[Event "SR 4. liga A21 2015/2016"]
[Site "?"]
[Date "2015.11.22"]
[Round "4.4"]
[White "Smrek, Peter"]
[Black "Lajda, Dusan"]
[Result "1/2-1/2"]
[WhiteElo "1808"]
[BlackElo "1814"]
[PlyCount "52"]
[EventDate "2015.??.??"]

1. d4 d5 2. c4 c6 3. Nf3 Nf6 4. Bg5 e6 5. e3 Nbd7 6. Nc3 dxc4 7. Bxc4 b5 8. Bd3
a6 9. O-O Be7 10. a3 c5 11. Rc1 c4 12. Bb1 Bb7 13. Qc2 h6 14. Bf4 O-O 15. Ne5
Rc8 16. Rcd1 Re8 17. e4 Nf8 18. f3 Qb6 19. Be3 N6d7 20. Nxd7 Nxd7 21. e5 g6 22.
Ne4 Nxe5 23. Kf2 Nd3+ 24. Kg1 f5 25. Nf2 Nxf2 26. Bxf2 Bf6 1/2-1/2

[Event "SR 4. liga A21 2015/2016"]
[Site "?"]
[Date "2015.11.22"]
[Round "4.4"]
[White "Krchnak, Rudolf"]
[Black "Podjavorinsky, Peter"]
[Result "1/2-1/2"]
[WhiteElo "1787"]
[BlackElo "1694"]
[PlyCount "35"]
[EventDate "2015.??.??"]

1. d4 Nf6 2. Nc3 g6 3. e4 d5 4. e5 Nfd7 5. Nf3 e6 6. Bg5 Be7 7. Qd2 c5 8. Bxe7
Qxe7 9. Nb5 Na6 10. dxc5 Ndxc5 11. Qg5 Qxg5 12. Nxg5 O-O 13. Nd6 Nb4 14. O-O-O
Nxa2+ 15. Kb1 Nb4 16. Rd4 Nc6 17. Rh4 h5 18. f4 1/2-1/2

[Event "SR 4. liga A21 2015/2016"]
[Site "?"]
[Date "2015.11.22"]
[Round "4.4"]
[White "Kosinar, Oto"]
[Black "Bjel, Tomas"]
[Result "1/2-1/2"]
[WhiteElo "1000"]
[BlackElo "1575"]
[PlyCount "61"]
[EventDate "2015.??.??"]

1. e4 e5 2. Nf3 Nc6 3. Nc3 Bb4 4. Nd5 Nf6 5. Bc4 O-O 6. O-O d6 7. c3 Be6 8.
cxb4 Bxd5 9. exd5 Nxb4 10. Qb3 a5 11. a3 Na6 12. Qxb7 Qc8 13. Qb3 Nc5 14. Qc2
Rb8 15. d4 exd4 16. Nxd4 Qg4 17. Nf3 Rfe8 18. Be3 Re4 19. Ba2 Na4 20. Qxc7 Rc8
21. Qxd6 Nxb2 22. Nd4 Nd3 23. Nc6 h6 24. Ne7+ Kh7 25. Nxc8 Nh5 26. Ne7 Nhf4 27.
Bxf4 Nxf4 28. g3 Ne2+ 29. Kg2 Nf4+ 30. Kg1 Ne2+ 31. Kg2 1/2-1/2

[Event "SR 4. liga A21 2015/2016"]
[Site "?"]
[Date "2015.11.22"]
[Round "4.5"]
[White "Jozefovic, Milan"]
[Black "Vogl, Zdenek"]
[Result "0-1"]
[WhiteElo "1878"]
[BlackElo "1894"]
[PlyCount "98"]
[EventDate "2015.??.??"]

1. e4 e5 2. Nf3 Nc6 3. Nc3 Nf6 4. d4 exd4 5. Nxd4 Nxd4 6. Qxd4 d6 7. Nd5 Be7 8.
Bd3 Nxd5 9. exd5 Bf6 10. Qe4+ Qe7 11. Bb5+ Bd7 12. Qxe7+ Kxe7 13. Bxd7 Kxd7 14.
O-O Rhe8 15. Be3 Re7 16. Rab1 Rae8 17. c4 a6 18. b4 Re4 19. c5 Bd4 20. Bxd4
Rxd4 21. Rfd1 Rxd1+ 22. Rxd1 Re2 23. Ra1 Rd2 24. c6+ bxc6 25. dxc6+ Kxc6 26.
Kf1 Rb2 27. Rc1+ Kd7 28. a3 Rb3 29. Ra1 c5 30. bxc5 dxc5 31. Ra2 Rd3 32. Ke2
Rd6 33. a4 Kc6 34. Rb2 Rd4 35. a5 Rb4 36. Rd2 Re4+ 37. Kf3 Re7 38. h4 c4 39.
Rd8 Kb5 40. Rb8+ Kxa5 41. g4 c3 42. Rb1 Ka4 43. Ra1+ Kb5 44. Ra3 Rc7 45. Ra1 c2
46. Rc1 Kb4 47. Ke3 Kb3 48. Kd2 Rd7+ 49. Ke2 Kb2 0-1

[Event "SR 4. liga A21 2015/2016"]
[Site "?"]
[Date "2015.11.22"]
[Round "4.5"]
[White "Hrubsa, Marian"]
[Black "Kocak, Branislav"]
[Result "0-1"]
[WhiteElo "1814"]
[BlackElo "1899"]
[PlyCount "134"]
[EventDate "2015.??.??"]

1. e4 c5 2. Nf3 d6 3. d4 cxd4 4. Nxd4 Nf6 5. Nc3 a6 6. Be2 e5 7. Nb3 Be6 8. f4
Qc7 9. Be3 Nbd7 10. g4 exf4 11. Bxf4 Ne5 12. g5 Nfd7 13. Qd2 b5 14. Nd5 Bxd5
15. exd5 Rc8 16. O-O-O Be7 17. h4 Nc5 18. Nxc5 Qxc5 19. Be3 Qc7 20. Bd4 f6 21.
Bxe5 dxe5 22. Bg4 Rd8 23. Be6 Rd6 24. Qe2 fxg5 25. Qxe5 Bf6 26. Qe3 gxh4 27.
Rhe1 Kd8 28. Qh3 Qc4 29. Kb1 Re8 30. Bf7 Re4 31. Rxe4 Qxe4 32. Qa3 Ke7 33. Be6
Qe2 34. Rc1 Bg5 35. Rg1 Bf6 36. Qc5 Qe5 37. Qc7+ Ke8 38. Qf7+ Kd8 39. Qf8+ Kc7
40. Qc8+ Kb6 41. Qb8+ Ka5 42. Qc7+ Rb6 43. Qxe5 Bxe5 44. c3 Rd6 45. Re1 Bg3 46.
Rh1 Rd8 47. Rf1 h3 48. Bxh3 Rxd5 49. Kc2 Kb6 50. Rf8 Rh5 51. Bg4 Rh2+ 52. Kb3
a5 53. a3 h5 54. Bd7 Rd2 55. Rf7 Be5 56. Bc8 a4+ 57. Ka2 Bxc3 58. Kb1 Rxb2+ 59.
Kc1 Ra2 60. Rb7+ Kc6 61. Rf7 Rxa3 62. Bd7+ Kb6 63. Rf5 Rb3 64. Be6 Rb4 65. Rxh5
a3 66. Kc2 Bf6 67. Bb3 a2 0-1

[Event "SR 4. liga A21 2015/2016"]
[Site "?"]
[Date "2015.11.22"]
[Round "4.5"]
[White "Bilovsky, Milan"]
[Black "Planka, Peter"]
[Result "1-0"]
[WhiteElo "1906"]
[BlackElo "1753"]
[PlyCount "75"]
[EventDate "2015.??.??"]

1. e4 e5 2. Nf3 Nc6 3. Bc4 Bc5 4. c3 Nf6 5. d3 d6 6. Bg5 h6 7. Bh4 O-O 8. O-O
Bg4 9. h3 Be6 10. Nbd2 Bxc4 11. Nxc4 b5 12. Ne3 Bxe3 13. fxe3 Qe7 14. d4 exd4
15. Bxf6 gxf6 16. Nxd4 Nxd4 17. exd4 Qxe4 18. Rxf6 Kg7 19. Qf1 Rae8 20. Rf3 a6
21. Rg3+ Kh7 22. Qf6 Rg8 23. Qxf7+ Kh8 24. Rxg8+ Rxg8 25. Qf2 Qe6 26. Kh2 Rg7
27. Re1 Qg6 28. Re3 Kh7 29. Rf3 Kg8 30. Rf6 Qe4 31. Rxh6 c5 32. Rh4 Qd5 33. Rf4
Qh5 34. Rf8+ Kh7 35. Rf4 Kg8 36. Rf5 Qh6 37. dxc5 dxc5 38. Qxc5 1-0

[Event "SR 4. liga A21 2015/2016"]
[Site "?"]
[Date "2015.11.22"]
[Round "4.5"]
[White "Zlamal, Marek"]
[Black "Brunovsky, Peter"]
[Result "1-0"]
[WhiteElo "1691"]
[BlackElo "1859"]
[PlyCount "73"]
[EventDate "2015.??.??"]

1. d4 Nf6 2. c4 c5 3. d5 b5 4. cxb5 a6 5. e3 d6 6. Nc3 g6 7. Bd3 Bg7 8. Nge2
O-O 9. O-O Nbd7 10. bxa6 Bxa6 11. Bxa6 Rxa6 12. e4 Qa8 13. Bg5 Rb8 14. Qc2 Nb6
15. f4 Na4 16. Rab1 Nxc3 17. Nxc3 Ng4 18. Qe2 Bd4+ 19. Kh1 Nf6 20. e5 Nxd5 21.
Nxd5 Rxa2 22. Nxe7+ Kg7 23. f5 Bxe5 24. f6+ Kf8 25. Qc4 Rbxb2 26. Bh6+ Ke8 27.
Nd5 Qa5 28. Qg4 Qd8 29. Rxb2 Bxb2 30. Qe2+ Kd7 31. Nc3 Ra1 32. Qg4+ Kc7 33.
Rxa1 Bxa1 34. Nd5+ Kb8 35. Ne7 Qb6 36. Qc8+ Ka7 37. Nc6+ 1-0

[Event "SR 4. liga A21 2015/2016"]
[Site "?"]
[Date "2015.11.22"]
[Round "4.5"]
[White "Kanka, Tomas"]
[Black "Danihel, Jozef"]
[Result "1-0"]
[WhiteElo "1685"]
[BlackElo "1569"]
[PlyCount "79"]
[EventDate "2015.??.??"]

1. e4 d5 2. exd5 Nf6 3. Bb5+ Bd7 4. Bc4 b5 5. Bb3 a5 6. a4 c5 7. dxc6 Bxc6 8.
Nf3 Nbd7 9. d4 e6 10. O-O Qc7 11. axb5 Bxb5 12. Re1 h6 13. Nc3 Bb4 14. Nxb5 Qb6
15. Nc3 Bxc3 16. bxc3 O-O 17. h3 Rfc8 18. Qd3 Rd8 19. Qe2 Nd5 20. Bd2 N7f6 21.
Reb1 Qc7 22. Qe1 g5 23. Ne5 Nh5 24. c4 Ndf4 25. Bxa5 Rxa5 26. Qxa5 Qxa5 27.
Rxa5 Ne2+ 28. Kf1 Nc3 29. Re1 Rxd4 30. g3 Ne4 31. Ra8+ Kg7 32. Ra7 Kf6 33. Nxf7
Nd2+ 34. Kg2 Ne4 35. Nxh6 Kg6 36. Ng4 Nhf6 37. Nxf6 Kxf6 38. Ra5 Nd6 39. c5 Nc4
40. Ra6 1-0

[Event "SR 4. liga A21 2015/2016"]
[Site "?"]
[Date "2015.11.22"]
[Round "4.6"]
[White "Slaby, Jozef"]
[Black "Curidlo, Jan"]
[Result "1/2-1/2"]
[WhiteElo "1808"]
[BlackElo "1889"]
[PlyCount "59"]
[EventDate "2015.??.??"]

1. Nf3 Nf6 2. c4 c5 3. g3 g6 4. Bg2 Bg7 5. O-O O-O 6. Nc3 d6 7. d3 Nc6 8. a3 a6
9. Rb1 Qc7 10. Qc2 Bf5 11. b4 cxb4 12. axb4 Rac8 13. Ba3 Nb8 14. Qb3 b6 15.
Rfc1 Qa7 16. b5 a5 17. e4 Bg4 18. h3 Bxf3 19. Bxf3 Nbd7 20. Ne2 Nc5 21. Qd1 e5
22. Bg2 Qe7 23. Nc3 Rfd8 24. Nd5 Nxd5 25. cxd5 Rc7 26. Rc4 Rdc8 27. h4 Rf8 28.
Bb2 f5 29. exf5 gxf5 30. d4 1/2-1/2

[Event "SR 4. liga A21 2015/2016"]
[Site "?"]
[Date "2015.11.22"]
[Round "4.6"]
[White "Nedorost, Lubomir"]
[Black "Vagovic, Milan"]
[Result "1-0"]
[WhiteElo "1747"]
[BlackElo "1612"]
[PlyCount "61"]
[EventDate "2015.??.??"]

1. e4 c5 2. Nc3 d6 3. Bc4 e6 4. f4 a6 5. a4 Bd7 6. Nf3 Nc6 7. O-O Na5 8. Ba2 b5
9. axb5 axb5 10. d3 Bc6 11. Ng5 c4 12. f5 Be7 13. Nxf7 Qb6+ 14. Kh1 Nf6 15.
Nxh8 e5 16. Qe1 O-O-O 17. Be3 Qc7 18. Nf7 Rf8 19. Ng5 Bd7 20. Ne6 Bxe6 21. fxe6
Qb7 22. Nd5 Nc6 23. dxc4 b4 24. Bb3 Nxe4 25. Rxf8+ Bxf8 26. Nb6+ Kc7 27. Qf1
Nf6 28. Ra8 Be7 29. Rc8+ Qxc8 30. Nxc8 Kxc8 31. c5 1-0

[Event "SR 4. liga A21 2015/2016"]
[Site "?"]
[Date "2015.11.22"]
[Round "4.6"]
[White "Musaev, Matej Elbek"]
[Black "Slaba, Andrea"]
[Result "0-1"]
[WhiteElo "1414"]
[BlackElo "1506"]
[PlyCount "92"]
[EventDate "2015.??.??"]

1. e4 d6 2. d4 Nf6 3. Nc3 g6 4. Nf3 Bg7 5. Be2 O-O 6. Bg5 c6 7. O-O Qc7 8. Qd2
Re8 9. Rad1 b5 10. a3 a6 11. Bh6 Bh8 12. Bd3 Bb7 13. b3 Nbd7 14. Ne2 c5 15. d5
Ng4 16. h4 c4 17. h5 cxd3 18. cxd3 Nde5 19. Nxe5 Nxe5 20. d4 Ng4 21. hxg6 hxg6
22. Rc1 Qd7 23. Rc3 Nf6 24. Qf4 Qg4 25. Qh2 Qxe2 26. Rh3 Nh5 27. Re3 Qg4 28. f3
Qg3 29. Qxg3 Nxg3 30. Rd1 Bg7 31. Bf4 Nh5 32. Bh2 Rac8 33. Red3 Rc2 34. e5 Bh6
35. exd6 exd6 36. Bxd6 Bxd5 37. Be5 f6 38. Bxf6 Nxf6 39. Kh2 Ree2 40. Rg1 Be3
41. Rxe3 Rxe3 42. Kg3 Nh5+ 43. Kh4 Kg7 44. g4 Nf4 45. Kg5 Nh3+ 46. Kh4 Nxg1 0-1

[Event "SR 4. liga A21 2015/2016"]
[Site "?"]
[Date "2015.11.22"]
[Round "4.6"]
[White "Pripko, Bystrik"]
[Black "Musaev, Urmat"]
[Result "1/2-1/2"]
[WhiteElo "1683"]
[BlackElo "1000"]
[PlyCount "64"]
[EventDate "2015.??.??"]

1. e4 c5 2. Nf3 d6 3. Nc3 Nf6 4. d3 e6 5. Be2 Be7 6. O-O a6 7. a4 b6 8. b3 O-O
9. h3 Nc6 10. Bb2 Nd4 11. Nxd4 cxd4 12. Nb1 e5 13. Nd2 d5 14. exd5 Nxd5 15. Ne4
Nf4 16. Bf3 Be6 17. Ng3 Rc8 18. Nh5 Ng6 19. Re1 Rc7 20. Ba3 Bxa3 21. Rxa3 f5
22. Ng3 Qd6 23. Ra1 Nh4 24. Be2 Bd5 25. Bf1 Re8 26. Rc1 Qc6 27. Qh5 Nxg2 28.
Bxg2 Bxg2 29. Qxf5 Rf7 30. Qh5 Bf3 31. Qg5 h6 32. Qd2 Qe6 1/2-1/2

[Event "SR 4. liga A21 2015/2016"]
[Site "?"]
[Date "2015.12.13"]
[Round "5.1"]
[White "Curidlo, Jan"]
[Black "Valla, Tomas"]
[Result "1-0"]
[WhiteElo "1876"]
[BlackElo "1807"]
[PlyCount "95"]
[EventDate "2015.??.??"]

1. e4 c5 2. Nf3 g6 3. d4 cxd4 4. Nxd4 Bg7 5. Be2 Nc6 6. c3 Nf6 7. f3 d5 8. Nxc6
bxc6 9. e5 Nd7 10. f4 e6 11. O-O O-O 12. Be3 c5 13. Nd2 Qc7 14. Nf3 Rb8 15. Qd2
Rd8 16. Rab1 Nb6 17. b3 a5 18. Rfd1 Bd7 19. Bf1 Bf8 20. Qf2 Rb7 21. Qh4 Bc6 22.
Qf2 Be8 23. Ne1 Rdb8 24. Nd3 Nd7 25. Qc2 Nb6 26. Nf2 a4 27. h3 Nc8 28. Ng4 Bg7
29. Qf2 Ne7 30. Bxc5 Nf5 31. b4 Bb5 32. Ne3 Nxe3 33. Qxe3 Qc6 34. a3 Rc8 35.
Qd4 Qe8 36. c4 dxc4 37. Bxc4 Bc6 38. Ba6 Rd7 39. Bd6 Ra8 40. Qb6 Rda7 41. b5
Bd5 42. Rbc1 Bh6 43. Rd4 f6 44. exf6 Rf7 45. Be5 Bf8 46. Rc3 Bb3 47. Bb7 Bxa3
48. Bxa8 1-0

[Event "SR 4. liga A21 2015/2016"]
[Site "?"]
[Date "2015.12.13"]
[Round "5.1"]
[White "Zajicek, Ferdinand"]
[Black "Bardik, Jozef"]
[Result "1-0"]
[WhiteElo "1761"]
[BlackElo "1887"]
[PlyCount "105"]
[EventDate "2015.??.??"]

1. e4 c6 2. Nf3 d5 3. exd5 cxd5 4. d4 Nc6 5. Nc3 Nf6 6. Be2 e6 7. a3 a6 8. O-O
Bd6 9. Be3 b5 10. Re1 Bb7 11. b4 Rc8 12. Bd3 Nxb4 13. Nxb5 Nxd3 14. Nxd6+ Qxd6
15. Qxd3 O-O 16. Bd2 Qc7 17. Rac1 Qc4 18. Ne5 Qa4 19. Re3 a5 20. Rh3 Ne4 21. f3
Ba6 22. Qe3 Nxd2 23. Qxd2 f6 24. Ng4 Qxa3 25. Qe1 Qc3 26. Qxe6+ Kh8 27. Qxa6
Qxd4+ 28. Nf2 a4 29. Qd3 Qxd3 30. Nxd3 g5 31. f4 g4 32. Rg3 h5 33. h3 f5 34.
Nb4 d4 35. Ra3 Rc3 36. Nd3 Rfc8 37. Ne5 Rxc2 38. Rxc2 Rxc2 39. Rxa4 g3 40. Ra1
Kg7 41. Rd1 Kf6 42. Nf3 Rf2 43. Rxd4 Ra2 44. Rd1 Ra4 45. Nd4 Ra2 46. h4 Rf2 47.
Re1 Ra2 48. Ne2 Ra3 49. Rc1 Rd3 50. Kf1 Ra3 51. Ke1 Ra4 52. Nxg3 Rxf4 53. Nxh5+
1-0

[Event "SR 4. liga A21 2015/2016"]
[Site "?"]
[Date "2015.12.13"]
[Round "5.1"]
[White "Nedorost, Lubomir"]
[Black "Kastler, Peter"]
[Result "0-1"]
[WhiteElo "1760"]
[BlackElo "1751"]
[PlyCount "68"]
[EventDate "2015.??.??"]

1. e4 e6 2. Nc3 d5 3. f4 dxe4 4. Nxe4 Be7 5. Nf3 Nf6 6. Neg5 O-O 7. Bc4 Nc6 8.
d4 h6 9. Nh3 b6 10. c3 Bb7 11. Bd2 Na5 12. Bd3 c5 13. Qe2 cxd4 14. Nxd4 Qd5 15.
Rg1 Bc5 16. Be3 Rfd8 17. g4 Nc6 18. Bc4 Nxd4 19. Bxd4 Qc6 20. O-O-O Bxd4 21.
Bb5 Qc7 22. Rg3 Bc5 23. g5 Rxd1+ 24. Qxd1 Rd8 25. Qf1 hxg5 26. Rxg5 Be3+ 27.
Kb1 Ne4 28. Qe2 Nxg5 29. fxg5 Qd6 30. a3 Qd1+ 31. Ka2 Bd5+ 32. b3 Bxb3+ 33. Kb2
Rd2+ 34. Qxd2 Bxd2 0-1

[Event "SR 4. liga A21 2015/2016"]
[Site "?"]
[Date "2015.12.13"]
[Round "5.1"]
[White "Papanek, Lubomir"]
[Black "Sedlak, Rastislav"]
[Result "1-0"]
[WhiteElo "1665"]
[BlackElo "1664"]
[PlyCount "121"]
[EventDate "2015.??.??"]

1. e4 e5 2. Nf3 Nc6 3. Bb5 a6 4. Ba4 Nf6 5. O-O b5 6. Bb3 Be7 7. Re1 O-O 8. c3
d6 9. d3 Be6 10. Bc2 Re8 11. d4 Bg4 12. h3 Bxf3 13. gxf3 Nh5 14. f4 Nxf4 15.
Bxf4 exf4 16. Qg4 Bg5 17. f3 Bh4 18. Re2 Qg5 19. Rg2 Qxg4 20. hxg4 g5 21. Nd2
Na5 22. Re2 f6 23. b4 Nc4 24. Nxc4 bxc4 25. Ba4 Re7 26. Bc6 Rb8 27. a4 Kg7 28.
Raa2 Kg6 29. Kf1 h5 30. Rg2 hxg4 31. fxg4 f3 32. Rh2 f2 33. Rh3 Kg7 34. Re2 a5
35. b5 Rf8 36. Rhe3 Rh8 37. Bd5 Rhe8 38. Bc6 Rh8 39. Bd5 Rhe8 40. Bxc4 f5 41.
gxf5 g4 42. e5 Kh6 43. Re4 Kg5 44. f6 Rh7 45. Bd3 Bg3 46. Rxg4+ Kxg4 47. Bxh7
dxe5 48. dxe5 Rd8 49. Re4+ Kf3 50. Rd4 Rh8 51. Be4+ Ke3 52. Bc6 Rh5 53. f7 Rf5
54. e6 Bd6 55. Rxd6 cxd6 56. e7 Rg5 57. Bg2 Rc5 58. e8=Q+ Kd2 59. f8=Q Rxc3 60.
Qxf2+ Kd3 61. Qe4# 1-0

[Event "SR 4. liga A21 2015/2016"]
[Site "?"]
[Date "2015.12.13"]
[Round "5.1"]
[White "Oravec, Pavol"]
[Black "Nemeth, Karol"]
[Result "1-0"]
[WhiteElo "1597"]
[BlackElo "1000"]
[PlyCount "39"]
[EventDate "2015.??.??"]

1. e4 Nc6 2. d4 h6 3. Nf3 a6 4. d5 Nb4 5. a3 Nxc2+ 6. Qxc2 Nf6 7. Nc3 b5 8. e5
Ng4 9. h3 Nxf2 10. Qxf2 Bb7 11. Bf4 g5 12. Bh2 Bg7 13. Bd3 Rc8 14. O-O c6 15.
d6 exd6 16. exd6 Bxc3 17. bxc3 Qa5 18. Rfe1+ Kd8 19. Ne5 Qxc3 20. Nxf7# 1-0

[Event "SR 4. liga A21 2015/2016"]
[Site "?"]
[Date "2015.12.13"]
[Round "5.2"]
[White "Hrubsa, Marian"]
[Black "Slaby, Jozef"]
[Result "0-1"]
[WhiteElo "1805"]
[BlackElo "1813"]
[PlyCount "114"]
[EventDate "2015.??.??"]

1. e4 d6 2. d4 Nf6 3. Nc3 g6 4. Bc4 Bg7 5. Nge2 c6 6. Bd3 b5 7. a3 Bb7 8. O-O
O-O 9. f4 Qb6 10. Kh1 a5 11. Bd2 Qc7 12. Ng3 b4 13. axb4 axb4 14. Rxa8 Bxa8 15.
Nce2 c5 16. dxc5 dxc5 17. e5 Qb7 18. Rg1 Nd5 19. Ne4 Qc6 20. c4 bxc3 21. bxc3
c4 22. Bc2 Qb6 23. Qc1 Na6 24. Qa3 Nac7 25. Rb1 Qc6 26. Nd4 Qa6 27. Qb2 Qc8 28.
h3 Bh6 29. Rf1 f6 30. exf6 Nxf6 31. Nxf6+ Rxf6 32. Kh2 e5 33. g4 exd4 34. cxd4
Bg7 35. Qa2 Ne6 36. Re1 Nxd4 37. Be4 Bxe4 38. Rxe4 Nf3+ 39. Kg3 Nxd2 40. Qxd2
Qc6 41. Qe2 c3 42. Rc4 Qe6 43. Re4 Qc6 44. Rc4 Re6 45. Qf1 Qe8 46. Rc7 Re3+ 47.
Kf2 Qe4 48. Rc8+ Bf8 49. Qc4+ Qxc4 50. Rxc4 Rxh3 51. Ke1 Ba3 52. Kd1 Bb2 53.
Rc8+ Kf7 54. g5 Ke6 55. Rc5 Rh4 56. Re5+ Kd6 57. Re4 Rh2 0-1